000 00310nam a22001337a 4500
008 170526b xxu||||| |||| 00| 0 eng d
020 _a9788177581843
041 _aeng
080 _a62
100 _a27
101 _aIM
245 _aPROBABILITY AND STATISTICS FOR ENGINEERS
_cJOHNSON, R.A
942 _2udc
_cBK
999 _c14477
_d14477